|
|
|
|
| LEADER |
00994nam a22002537a 4500 |
| 001 |
36283 |
| 003 |
BD-DhAAL |
| 005 |
20211205122955.0 |
| 008 |
191105t1994 ii ||||| b||| 001 0 eng d |
| 999 |
|
|
|c 41757
|d 41757
|
| 020 |
|
|
|a 8170225361
|
| 040 |
|
|
|a BD-DhAAL
|
| 082 |
|
|
|a 150.72
|2 23
|
| 100 |
|
|
|a Sinha, S. N.
|9 36776
|
| 245 |
|
|
|a Research methodology in behavioral science :
|b modern trends /
|c S N Sinha ; Brij Lata Kotia
|
| 300 |
|
|
|a 68 pages ;
|c 22 cm
|
| 504 |
|
|
|a Includes bibliographical references (page 66) and index.
|
| 526 |
|
|
|a BIED
|
| 541 |
|
|
|a Complimentary copy from BIED
|e 36283
|
| 650 |
|
|
|a Psychology
|x Research
|x Methodology.
|9 36777
|
| 700 |
|
|
|a Kotia, Brij Lata
|9 36778
|
| 852 |
|
|
|a Ayesha Abed Library
|c BIED Collection
|
| 942 |
|
|
|2 ddc
|c BK
|
| 952 |
|
|
|0 0
|1 0
|2 ddc
|4 0
|6 150_720000000000000_SIN
|7 0
|9 67017
|a BRACUL
|b BRACUL
|c GEN
|d 2019-11-05
|e Complimentary copy from BIED
|l 1
|m 1
|o 150.72 SIN
|p 3010036283
|r 2025-03-15
|s 2025-03-13
|t 1
|w 2019-11-05
|y BK
|x Transferred from BIED to General Stacks
|